| 000 | 00389nam a2200157Ia 4500 | ||
|---|---|---|---|
| 005 | 20240618065022.0 | ||
| 008 | 240331s9999 xx 000 0 und d | ||
| 082 |
_bGAN _a891.48 |
||
| 100 | _aGanesalingan, S | ||
| 245 | 0 |
_aSirukathaikal _cS.Ganeshalingan |
|
| 260 |
_aChennai _bKumaran Publishers _c2003 |
||
| 300 | _a224 p ., | ||
| 650 | _aShort Stories | ||
| 650 | _aSocial | ||
| 942 | _cL | ||
| 999 |
_c3919 _d3919 |
||